|
|
|
|
| LEADER |
00000nam0a2200000 4500 |
| 001 |
372032 |
| 005 |
20231102012434.0 |
| 035 |
|
|
|a (RuTPU)RU\TPU\retro\29446
|
| 090 |
|
|
|a 372032
|
| 100 |
|
|
|a 20221214d1978 k y0rusy50 ca
|
| 101 |
1 |
|
|a rus
|c eng
|
| 102 |
|
|
|a RU
|
| 105 |
|
|
|a a z 101zy
|
| 200 |
1 |
|
|a Магниты из сплавов редкоземельных металлов с кобальтом
|e материалы Второго международного семинара по постоянным магнитам из сплавов редкоземельных металлов с кобальтом и их применению, 8-11 июнь, 1976 г., Дейтон, США
|f под ред. Е. М. Савицкого
|
| 210 |
|
|
|a Москва
|c Металлургия
|d 1978
|
| 215 |
|
|
|a 255 с.
|c ил.
|
| 320 |
|
|
|a Библиогр. в конце докл.
|
| 606 |
1 |
|
|a Магниты постоянные
|x Стабильность
|x Производство
|2 stltpush
|3 (RuTPU)RU\TPU\subj\40912
|9 60742
|
| 610 |
1 |
|
|a постоянные магниты
|
| 610 |
1 |
|
|a промышленные магниты
|
| 610 |
1 |
|
|a редкоземельные металлы
|
| 610 |
1 |
|
|a кобальт
|
| 610 |
1 |
|
|a применение
|
| 610 |
1 |
|
|a конструирование
|
| 610 |
1 |
|
|a двигатели
|
| 610 |
1 |
|
|a генераторы
|
| 610 |
1 |
|
|a магнитные подшипники
|
| 610 |
1 |
|
|a новые магнитные материалы
|
| 610 |
1 |
|
|a получение
|
| 610 |
1 |
|
|a магнитные свойства
|
| 610 |
1 |
|
|a приборы специального назначения
|
| 610 |
1 |
|
|a материалы конференций
|
| 675 |
|
|
|a 621.318.2(063)
|v 4
|
| 702 |
|
1 |
|a Савицкий
|b Е. М.
|4 340
|
| 712 |
1 |
2 |
|a Магниты из сплавов редкоземельных металлов с кобальтом
|c семинар
|d 2
|e Дейтон, США
|f 1976
|
| 801 |
|
1 |
|a RU
|b 63413507
|c 20221214
|
| 942 |
|
|
|c BK
|